[Event "ARG-ch U18"]
[Site "Cenard"]
[Date "2015.05.02"]
[Round "6"]
[White "Sotelo, Noe"]
[Black "Amato, Leonel"]
[Result "0-1"]
[WhiteElo "2195"]
[BlackElo "2101"]
[PlyCount "116"]
[EventDate "2015.04.29"]
[EventType "tourn"]
[EventRounds "9"]
[EventCountry "ARG"]
[SourceTitle "CBM 166 Extra"]
[Source "ChessBase"]
[SourceDate "2015.06.18"]
[SourceVersion "1"]
[SourceVersionDate "2015.06.18"]
[SourceQuality "1"]

1. e4 e5 2. Nf3 Nc6 3. d4 exd4 4. Nxd4 Nf6 5. Nxc6 bxc6 6. e5 Qe7 7. Qe2 Nd5 8. c4 Ba6 9. Qe4 Nf6 10. Qe2 Nd5 11. Qe4 Nf6 12. Qe2 Nd5 13. Nd2 Nb4 14. Kd1 c5 15. Qe4 Rb8 16. h4 g6 17. f4 d6 18. exd6 cxd6 19. a3 Qxe4 20. Nxe4 Nc6 21. Nf6+ Ke7 22. Nd5+ Kd7 23. b4 Bg7 24. Ra2 Nd4 25. h5 Nf5 26. Rh3 Bb7 27. g4 Bxd5 28. cxd5 Ne7 29. Bc4 Nc8 30. hxg6 hxg6 31. Rxh8 Bxh8 32. Rh2 Bd4 33. Bd2 Nb6 34. Bb5+ Ke7 35. f5 gxf5 36. Bg5+ Kf8 37. Bf4 Nc8 38. Bd3 cxb4 39. axb4 fxg4 40. Be2 Be5 41. Bh6+ Kg8 42. Bxg4 Ne7 43. Ra2 Rxb4 44. Bf3 Rd4+ 45. Ke2 Nxd5 46. Rxa7 Nc3+ 47. Kf2 Rh4 48. Bg5 Rh2+ 49. Ke3 Bd4+ 50. Kxd4 Nb5+ 51. Kd5 Nxa7 52. Kxd6 Rf2 53. Bd5 Nb5+ 54. Ke5 Kg7 55. Be3 f6+ 56. Ke4 Nd6+ 57. Kd3 Rf1 58. Bc5 Rd1+ 0-1

[Event "ARG-ch U18 sf"]
[Site "Buenos Aires"]
[Date "2015.04.04"]
[Round "5.1"]
[White "Lagar, Valentin Alejo"]
[Black "Sotelo, Noe"]
[Result "1/2-1/2"]
[WhiteElo "2217"]
[BlackElo "2195"]
[PlyCount "51"]
[EventDate "2015.04.02"]
[EventType "swiss"]
[EventRounds "8"]
[EventCountry "ARG"]
[SourceTitle "EXT 2024"]
[Source "ChessBase"]
[SourceDate "2023.10.10"]
[SourceVersion "1"]
[SourceVersionDate "2023.10.10"]
[SourceQuality "1"]

1. e4 c5 2. Nf3 e6 3. d4 cxd4 4. Nxd4 a6 5. Nc3 Qc7 6. Bd3 Nf6 7. 0-0 Bc5 8. Be3 d6 9. Qe2 Nbd7 10. Rad1 0-0 11. Kh1 b5 12. f4 Bb7 13. Bg1 b4 14. Na4 d5 15. e5 Ne4 16. Bxe4 dxe4 17. Nxc5 Nxc5 18. Qc4 Qa5 19. a3 Bd5 20. Qxb4 Qxb4 21. axb4 Na4 22. b3 Nc3 23. Ra1 Bb7 24. f5 Rfe8 25. Rae1 Rad8 26. fxe6 1/2-1/2

[Event "ARG-ch U18 sf"]
[Site "Buenos Aires"]
[Date "2015.04.02"]
[Round "1.2"]
[White "Sotelo, Noe"]
[Black "Lucero, Gabriel Nicolas"]
[Result "1-0"]
[WhiteElo "2195"]
[BlackElo "1686"]
[PlyCount "117"]
[EventDate "2015.04.02"]
[EventType "swiss"]
[EventRounds "8"]
[EventCountry "ARG"]
[SourceTitle "EXT 2024"]
[Source "ChessBase"]
[SourceDate "2023.10.10"]
[SourceVersion "1"]
[SourceVersionDate "2023.10.10"]
[SourceQuality "1"]

1. a3 a6 2. c4 e6 3. g3 c5 4. Bg2 Nc6 5. Nc3 Nf6 6. e4 Be7 7. Nge2 e5 8. d3 d6 9. 0-0 0-0 10. Rb1 Rb8 11. b4 cxb4 12. axb4 b5 13. cxb5 axb5 14. d4 Bg4 15. f3 exd4 16. Nxd4 Nxd4 17. Qxd4 Be6 18. Be3 Bc4 19. Rfd1 Qc7 20. Rdc1 Rfc8 21. Bh3 Rd8 22. Nxb5 Rxb5 23. Rxc4 Qb8 24. Rbc1 Ne8 25. Rc8 Qb7 26. Rxd8 Bxd8 27. Rc8 Qe7 28. Qc4 Rb7 29. b5 Rc7 30. Rxc7 Qxc7 31. Qxc7 Nxc7 32. b6 Na6 33. Bc8 Nb8 34. Kf1 Kf8 35. Ke2 Ke8 36. Kd3 Nc6 37. f4 Na5 38. Bd4 Nc6 39. Be3 Na5 40. Kc3 Bf6+ 41. Kb4 Nc6+ 42. Kb5 Nb8 43. Bb7 Bd8 44. Bd5 f6 45. f5 Ke7 46. Bg8 h6 47. Be6 Ke8 48. g4 Ke7 49. Bf4 g5 50. Bg3 Nd7 51. Bxd7 Kxd7 52. Ka6 Kc6 53. b7 Bc7 54. Ka7 Kc5 55. b8Q Bxb8+ 56. Kxb8 d5 57. exd5 Kxd5 58. Kc7 Ke4 59. Kd6 1-0

[Event "Villa Martelli op-B 21st"]
[Site "Villa Martelli"]
[Date "2014.11.13"]
[Round "7"]
[White "Sotelo, Noe"]
[Black "Wisniacki, Flavio"]
[Result "1/2-1/2"]
[WhiteElo "2062"]
[BlackElo "2207"]
[PlyCount "49"]
[EventDate "2014.11.07"]
[EventType "swiss"]
[EventRounds "9"]
[EventCountry "ARG"]
[SourceTitle "CBM 163 Extra"]
[Source "ChessBase"]
[SourceDate "2014.12.23"]
[SourceVersion "1"]
[SourceVersionDate "2014.12.23"]
[SourceQuality "1"]

1. e4 c5 2. Nf3 e6 3. d4 cxd4 4. Nxd4 a6 5. Bd3 Nc6 6. Nxc6 bxc6 7. 0-0 d5 8. Nd2 Nf6 9. Qe2 Be7 10. b3 0-0 11. Bb2 Bb7 12. c4 a5 13. a3 c5 14. Rae1 dxe4 15. Nxe4 Bxe4 16. Bxe4 Nxe4 17. Qxe4 Bf6 18. Rd1 Qe7 19. Bxf6 Qxf6 20. Qe3 Rfc8 21. a4 Rab8 22. Rd3 g6 23. g3 Kg7 24. Rfd1 h5 25. h4 1/2-1/2

[Event "ARG-ch U18"]
[Site "Santiago del Estero"]
[Date "2014.06.13"]
[Round "6"]
[White "Sotelo, Noe"]
[Black "Acosta, Lautaro Gaston"]
[Result "1-0"]
[WhiteElo "1982"]
[BlackElo "1820"]
[PlyCount "77"]
[EventDate "2014.06.10"]
[EventType "swiss"]
[EventRounds "6"]
[EventCountry "ARG"]
[SourceTitle "EXT 2016"]
[Source "ChessBase"]
[SourceDate "2015.10.08"]
[SourceVersion "1"]
[SourceVersionDate "2015.10.08"]
[SourceQuality "1"]

1. e4 c5 2. Nf3 d6 3. d4 cxd4 4. Nxd4 Nf6 5. f3 e6 6. c4 Nc6 7. Nc3 a6 8. Be3 Be7 9. Be2 0-0 10. 0-0 Bd7 11. Rc1 Rc8 12. Qd2 Ne5 13. b3 Qc7 14. Rfd1 Rcd8 15. Kh1 Ng6 16. Qe1 Rfe8 17. a4 Ne5 18. Qg1 Bc6 19. g4 h6 20. h4 Nh7 21. g5 hxg5 22. hxg5 Rc8 23. Qg3 Bd8 24. Kg2 Qe7 25. Nxc6 bxc6 26. c5 Bc7 27. cxd6 Bxd6 28. g6 Nf8 29. gxf7+ Nxf7 30. f4 a5 31. Rh1 Bb8 32. e5 Ba7 33. Ne4 Nh7 34. Rc3 Bb6 35. Bd3 Red8 36. Rxh7 Kxh7 37. Nf6+ Kh8 38. Qg6 Ng5 39. Qh5+ 1-0

[Event "ARG-ch U18"]
[Site "Santiago del Estero"]
[Date "2014.06.12"]
[Round "5"]
[White "Soria Milet, Facundo"]
[Black "Sotelo, Noe"]
[Result "0-1"]
[WhiteElo "1910"]
[BlackElo "1982"]
[PlyCount "104"]
[EventDate "2014.06.10"]
[EventType "swiss"]
[EventRounds "6"]
[EventCountry "ARG"]
[SourceTitle "EXT 2016"]
[Source "ChessBase"]
[SourceDate "2015.10.08"]
[SourceVersion "1"]
[SourceVersionDate "2015.10.08"]
[SourceQuality "1"]

1. f4 c5 2. Nf3 Nc6 3. e3 g6 4. d4 cxd4 5. exd4 d5 6. c3 Nf6 7. Bd3 Bf5 8. 0-0 Bxd3 9. Qxd3 e6 10. Ne5 Qc7 11. Nd2 Bd6 12. b4 Rc8 13. Bb2 0-0 14. Rae1 a5 15. b5 Ne7 16. a4 Nd7 17. Qh3 Kg7 18. Nxd7 Qxd7 19. Qd3 Rce8 20. c4 dxc4 21. d5+ f6 22. Nxc4 Bc5+ 23. Kh1 Qxd5 24. Rd1 b6 25. Qb3 Qe4 26. Rfe1 Qxf4 27. Rf1 Qc7 28. Qf3 e5 29. Bc1 Bd4 30. Ne3 Qc3 31. Qh3 f5 32. Rf3 Qc8 33. Qh6+ Kg8 34. Rh3 Rf7 35. Qg5 Qe6 36. Qh4 Qf6 37. Qe1 h5 38. Nc2 Bc5 39. Bb2 Nc8 40. Rd5 Rfe7 41. Qe2 Nd6 42. Ne1 Bd4 43. Nf3 Qe6 44. Rxd4 exd4 45. Qxe6+ Rxe6 46. Bxd4 Ne4 47. Kg1 Rc8 48. Kf1 Rc1+ 49. Ke2 Rc2+ 50. Kf1 Ra2 51. Be3 Rxa4 52. Ng5 Ra1+ 0-1

[Event "ARG-ch U18"]
[Site "Santiago del Estero"]
[Date "2014.06.10"]
[Round "1"]
[White "Hernandez Amura, Gilberto"]
[Black "Sotelo, Noe"]
[Result "0-1"]
[WhiteElo "2016"]
[BlackElo "1982"]
[PlyCount "112"]
[EventDate "2014.06.10"]
[EventType "swiss"]
[EventRounds "6"]
[EventCountry "ARG"]
[SourceTitle "EXT 2016"]
[Source "ChessBase"]
[SourceDate "2015.10.08"]
[SourceVersion "1"]
[SourceVersionDate "2015.10.08"]
[SourceQuality "1"]

1. e4 c5 2. Nf3 Nc6 3. Bb5 g6 4. 0-0 Bg7 5. c3 e5 6. d4 cxd4 7. cxd4 exd4 8. Bf4 a6 9. Bc4 d6 10. Ng5 Nh6 11. Na3 Qe7 12. Rc1 Be5 13. Qd2 f6 14. Nf3 g5 15. Bg3 Nf7 16. Bd5 Nfd8 17. Nc4 Rb8 18. a4 Be6 19. Nb6 h5 20. b4 h4 21. Bxe5 dxe5 22. b5 Nb4 23. Bxe6 Nxe6 24. Rc4 a5 25. Rfc1 0-0 26. g3 Qh7 27. Nd5 Qxe4 28. Nxb4 Qxf3 29. Nd3 h3 30. Ne1 Qd5 31. Qd1 Ng7 32. Rc5 Qe6 33. Qd2 b6 34. Rc6 Qd5 35. Qe2 e4 36. Rd1 d3 37. Qg4 Rbe8 38. Qxh3 Qd4 39. Qg4 Qxa4 40. Rb1 Qa2 41. Qd1 Re6 42. Rc7 Qd5 43. Ng2 f5 44. Ne3 Qe5 45. Rd7 f4 46. Rd5 fxe3 47. Rxe5 exf2+ 48. Kf1 Rxe5 49. Rb2 Rc8 50. Qa4 Rcc5 51. Rxf2 Re8 52. Qb3+ Kh7 53. h4 a4 54. Qd1 Ree5 55. hxg5 Rxg5 56. Qxa4 Rge5 0-1